Study of the effect of ammoniacal latex ageing on molecular weights : research of correlation between polyisoprene particle size and molecular weight (Record no. 69801)

MARC details
000 -LEADER
fixed length control field 01192nam a2200145Ia 4500
100 ## - MAIN ENTRY--AUTHOR NAME
Personal name Achi Koman A
245 #0 - TITLE STATEMENT
Title Study of the effect of ammoniacal latex ageing on molecular weights : research of correlation between polyisoprene particle size and molecular weight
260 ## - PUBLICATION, DISTRIBUTION, ETC. (IMPRINT)
Name of publisher CIRAD
Year of publication 1994
300 ## - PHYSICAL DESCRIPTION
Number of Pages Jan-46
500 ## - GENERAL NOTE
General note Source Year: 1996
520 ## - SUMMARY, ETC.
Summary, etc This training had several objectives: compare the molecular weights of 5 clones; compare the molecular weights of several samples of the same latex obtained by various sorts of sampling (flim and phase transfer); monitor the development of changes in molecular weights of several ammoniated latex samples during aging; determine the average size and distribution of particle sizes of the different latex samples; study clonal differences in particle size; demonstrate a correlation between latex particle size and mean molecular weights of their sorrounding polyisoprene chains. The particle size of polyisoprene is determined using dynamic distribution of light and light diffraction after sorting the particles by filtration or dynamic creaming.
856 ## - ELECTRONIC LOCATION AND ACCESS
Uniform Resource Identifier AEDR
942 ## - ADDED ENTRY ELEMENTS (KOHA)
Koha item type Journals
Holdings
Withdrawn status Lost status Damaged status Not for loan Home library Current library Shelving location Date acquired Koha item type
      Journals RRII Library RRII Library Rubber chemistry 17/12/2021 Journals